Iberoamérica arquitectura 02

Na minha lista:
Detalhes bibliográficos
Autor principal: Rispa, Raúl (Author)
Formato: Livro
Idioma:espanhol
Publicado em: Santiago Contrapunto 2002
Assuntos:
Tags: Adicionar Tag
Sem tags, seja o primeiro a adicionar uma tag!

MARC

LEADER 00000nam a2200000 a 4500
001 UCL0929
003 CL-VaPUC
005 20240619100136.0
008 030825e20020000cl 1 spa d
020 |a 9562570398 
082 0 4 |a 720.9  |b RIS  |2 21 
100 1 |a Rispa, Raúl  |e author  |9 620346 
245 1 0 |a Iberoamérica arquitectura 02 
246 1 0 |a III bienal iberoamericana de arquitectura 
260 |a Santiago  |b Contrapunto  |c 2002 
300 |a 271 p 
583 |a last modification  |c 20030825 00:00:00  |k Rodrigo Vera 
650 0 0 |a Arquitectura  |9 804558 
650 0 0 |a Historia de la arquitectura  |9 266241 
650 0 0 |a Identidad cultural  |9 319131 
942 |c BK 
945 |a cmena  |d 20030825 00:00:00 
546 |a En Español 
536 |a Ministerio de Asuntos Exteriores 
536 |a Consejo Superior de Coleios de Arquitectos de Esapañ 
536 |a Universidad de Alcalá 
536 |a Colegio de Arquitectos de Chile 
518 |p Bienal Iberoamericana de Arquitectura e Ingeniería Civil, 3, Santiago, 3 al 13 de octubre de 2002 
999 |c 383891  |d 383889 
952 |0 0  |1 0  |4 0  |6 720_900000000000000_RIS_2002  |7 0  |8 A  |9 506208  |a BIBARQ  |b BIBARQ  |d 2020-01-23  |i 3929450  |o 720.9 RIS 2002  |p 3929450  |r 2025-01-20  |w 2020-01-23  |y BK  |k ARQ